|
|
|
|
| LEADER |
01159nam a2200337 a 4500 |
| 001 |
c000377652 |
| 003 |
CARM |
| 005 |
20161020090912.0 |
| 008 |
770520s1977 nyua b 000 0 eng |
| 010 |
|
|
|a 76041549
|
| 019 |
1 |
|
|a 850115
|5 LACONCORD2021
|
| 020 |
|
|
|a 0312789955(pbk. :)
|c $5.95
|
| 020 |
|
|
|a 0312789955 (pbk.) :
|c US 5.95
|
| 020 |
|
|
|a 0312789955 :
|c 5.95
|
| 035 |
|
|
|a (OCoLC)3008838
|5 LACONCORD2021
|
| 040 |
|
|
|a LC
|b eng
|c LC
|d NNCU:A
|
| 050 |
|
4 |
|a T14.5
|b .T45 1977
|
| 050 |
0 |
0 |
|a T14.5
|b .T45 1977
|
| 082 |
0 |
0 |
|a 301.24308
|
| 082 |
0 |
4 |
|a 301.24/3/08
|
| 100 |
1 |
|
|a Teich, Albert H,
|e comp.
|
| 245 |
1 |
0 |
|a Technology and man's future /
|c Albert H. Teich, editor.
|
| 250 |
|
|
|a 2d ed.
|
| 260 |
|
|
|a New York :
|b St. Martin's Press,
|c c1977.
|
| 300 |
|
|
|a xi, 375 p. :
|b ill. ;
|c 21 cm.
|
| 504 |
|
|
|a Includes bibliographical references.
|
| 650 |
|
0 |
|a Technology.
|x Social aspects.
|
| 700 |
1 |
|
|a Teich, Albert H.
|
| 852 |
8 |
|
|b CARM
|h A1:AQ01G0
|i B07888
|p 0353062
|f BK
|
| 999 |
f |
f |
|i c9ec899f-7cd1-54aa-8055-fe20e62b0129
|s 446bd37d-88b0-5442-a28c-2b5aaa302348
|
| 952 |
f |
f |
|p Can circulate
|a CAVAL
|b CAVAL
|c CAVAL
|d CARM 1 Store
|e B07888
|f A1:AQ01G0
|h Other scheme
|i book
|m 0353062
|